Innovation and entrepreneurship / (Record no. 7658)
[ view plain ]
| 000 -LEADER | |
|---|---|
| fixed length control field | 00738cam a2200193 i 4500 |
| 020 ## - INTERNATIONAL STANDARD BOOK NUMBER | |
| ISBN | 9781118993095 (pbk.) |
| 050 00 - CALL NUMBER | |
| Classification number | HD53 |
| Item number | .B46 |
| 100 1# - AUTHOR | |
| Personal name | Bessant, J. R. |
| 245 10 - TITLE | |
| Title | Innovation and entrepreneurship / |
| Statement of responsibility, etc | John Bessant and Joe Tidd. |
| 250 ## - EDITION | |
| Edition statement | Third Edition. |
| 260 ## - PUBLICATION INFORMATION | |
| Place of publication | Hoboken : |
| Name of publisher | Wiley, |
| Year of publication | 2015. |
| 300 ## - DESCRIPTION | |
| Number of Pages | xviii, 524 pages : |
| Other physical details | illustrations ; |
| Dimensions | 24 cm |
| 500 ## - NOTES | |
| General note | Includes index. |
| 505 ## - FORMATTED CONTENTS NOTE | |
| Table of Content | Preface to third edition --<br/>Entrepreneurial goals and context --<br/>The innovation imperative --<br/>Social innovation --<br/>Innovation, globalization, and development --<br/>Sustainability-led innovation --<br/> |
| 650 #0 - SUBJECTS | |
| Topical Term | Creative ability in business. |
| 650 #0 - SUBJECTS | |
| Topical Term | Entrepreneurship. |
| 700 1# - OTHER AUTHORS | |
| Personal name | Tidd, Joseph, |
| 942 ## - ADDED ENTRY ELEMENTS (KOHA) | |
| Koha item type | Books |
| Withdrawn status | Lost status | Collection code | Home library | Current library | Shelving location | Date acquired | Source of acquisition | Cost, normal purchase price | Full call number | Accession Number | Koha item type |
|---|---|---|---|---|---|---|---|---|---|---|---|
| Reference | Methodist University Library Main | Methodist University Library Main | General Stacks | 12/05/2021 | GLOBAL COLLECTIONS BOOKS | 0.00 | HD53 .B46 | 8455 | Books | ||
| Reference | Methodist University Library Main | Methodist University Library Main | General Stacks | 12/05/2021 | GLOBAL COLLECTIONS BOOKS | 0.00 | HD53 .B46 | 8456 | Books |